[Event "DEM U10 2023"]
[Site "Willingen GER"]
[Date "2023.05.28"]
[Round "2"]
[White "Bremermann, Jakow"]
[Black "Wüstenberg, Benjamin"]
[Result "0-1"]
[Termination "normal"]
[Board "29"]
[WhiteElo "787"]
[BlackElo "1343"]
[WhiteClock "01:14:10"]
[BlackClock "01:30:50"]
[PlyCount "138"]
[WhiteFideId "34660160"]
[BlackFideId "34660259"]
[EventCountry "GER"]
[EventRounds "11"]
[EventType "swiss"]
[EventDate "2023.05.27"]

1. e4 {[%clk 01:15:58]} {[%emt 00:00:02]} e5 {[%clk 01:16:25]} {[%emt
00:00:05]} 2. Nf3 {[%clk 01:16:19]} {[%emt 00:00:09]} Nc6 {[%clk 01:16:51]}
{[%emt 00:00:03]} 3. Bb5 {[%clk 01:16:39]} {[%emt 00:00:10]} a6 {[%clk
01:17:15]} {[%emt 00:00:06]} 4. Bxc6 {[%clk 01:16:59]} {[%emt 00:00:10]} dxc6
{[%clk 01:17:40]} {[%emt 00:00:06]} 5. Nc3 {[%clk 01:17:09]} {[%emt 00:00:20]}
Bd6 {[%clk 01:18:03]} {[%emt 00:00:06]} 6. d3 {[%clk 01:17:16]} {[%emt
00:00:23]} Ne7 {[%clk 01:18:08]} {[%emt 00:00:26]} 7. Bg5 {[%clk 01:17:23]}
{[%emt 00:00:22]} f6 {[%clk 01:18:32]} {[%emt 00:00:06]} 8. Be3 {[%clk
01:17:41]} {[%emt 00:00:12]} Be6 {[%clk 01:18:56]} {[%emt 00:00:06]} 9. O-O
{[%clk 01:17:24]} {[%emt 00:00:47]} Qd7 {[%clk 01:18:38]} {[%emt 00:00:49]} 10.
d4 {[%clk 01:17:25]} {[%emt 00:00:29]} O-O-O {[%clk 01:18:52]} {[%emt
00:00:17]} 11. dxe5 {[%clk 01:17:41]} {[%emt 00:00:13]} fxe5 {[%clk 01:19:17]}
{[%emt 00:00:05]} 12. Bg5 {[%clk 01:17:20]} {[%emt 00:00:51]} h6 {[%clk
01:19:25]} {[%emt 00:00:22]} 13. Bxe7 {[%clk 01:17:41]} {[%emt 00:00:09]} Qxe7
{[%clk 01:19:43]} {[%emt 00:00:12]} 14. Re1 {[%clk 01:17:27]} {[%emt 00:00:45]}
Bg4 {[%clk 01:19:06]} {[%emt 00:01:07]} 15. h3 {[%clk 01:17:44]} {[%emt
00:00:12]} Bh5 {[%clk 01:19:32]} {[%emt 00:00:05]} 16. Qe2 {[%clk 01:16:34]}
{[%emt 00:01:40]} Rhf8 {[%clk 01:19:42]} {[%emt 00:00:20]} 17. g4 {[%clk
01:16:13]} {[%emt 00:00:50]} Bf7 {[%clk 01:19:00]} {[%emt 00:01:13]} 18. a3
{[%clk 01:15:43]} {[%emt 00:01:01]} g5 {[%clk 01:19:20]} {[%emt 00:00:10]} 19.
b4 {[%clk 01:15:34]} {[%emt 00:00:39]} h5 {[%clk 01:19:36]} {[%emt 00:00:13]}
20. Qe3 {[%clk 01:15:13]} {[%emt 00:00:50]} b6 {[%clk 01:19:15]} {[%emt
00:00:53]} 21. Qxg5 {[%clk 01:15:08]} {[%emt 00:00:34]} hxg4 {[%clk 01:19:03]}
{[%emt 00:00:43]} 22. Qxe7 {[%clk 01:15:19]} {[%emt 00:00:19]} Bxe7 {[%clk
01:19:26]} {[%emt 00:00:07]} 23. hxg4 {[%clk 01:15:27]} {[%emt 00:00:22]} Bd6
{[%clk 01:19:45]} {[%emt 00:00:11]} 24. Ng5 {[%clk 01:15:12]} {[%emt 00:00:44]}
Be8 {[%clk 01:20:06]} {[%emt 00:00:09]} 25. Ne6 {[%clk 01:15:30]} {[%emt
00:00:12]} Rg8 {[%clk 01:20:26]} {[%emt 00:00:10]} 26. Nxd8 {[%clk 01:15:13]}
{[%emt 00:00:47]} Rxg4+ {[%clk 01:20:47]} {[%emt 00:00:10]} 27. Kh2 {[%clk
01:15:08]} {[%emt 00:00:35]} Kxd8 {[%clk 01:21:12]} {[%emt 00:00:05]} 28. f3
{[%clk 01:15:19]} {[%emt 00:00:18]} Rf4 {[%clk 01:21:34]} {[%emt 00:00:09]} 29.
Ne2 {[%clk 01:15:12]} {[%emt 00:00:37]} Rxf3 {[%clk 01:21:42]} {[%emt
00:00:23]} 30. Kg2 {[%clk 01:15:11]} {[%emt 00:00:31]} Re3 {[%clk 01:21:54]}
{[%emt 00:00:18]} 31. Ng3 {[%clk 01:15:12]} {[%emt 00:00:29]} Rc3 {[%clk
01:22:09]} {[%emt 00:00:16]} 32. Re2 {[%clk 01:15:09]} {[%emt 00:00:29]} Kc8
{[%clk 01:22:09]} {[%emt 00:00:33]} 33. a4 {[%clk 01:15:22]} {[%emt 00:00:18]}
Bxb4 {[%clk 01:22:29]} {[%emt 00:00:10]} 34. Rb1 {[%clk 01:15:37]} {[%emt
00:00:13]} Bc5 {[%clk 01:22:46]} {[%emt 00:00:14]} 35. Rb3 {[%clk 01:15:37]}
{[%emt 00:00:31]} Rc4 {[%clk 01:22:59]} {[%emt 00:00:17]} 36. c3 {[%clk
01:14:53]} {[%emt 00:01:14]} Rxa4 {[%clk 01:22:13]} {[%emt 00:01:16]} 37. Re1
{[%clk 01:14:25]} {[%emt 00:00:57]} Bf7 {[%clk 01:22:22]} {[%emt 00:00:23]} 38.
Rb2 {[%clk 01:14:34]} {[%emt 00:00:19]} a5 {[%clk 01:22:17]} {[%emt 00:00:37]}
39. Rf1 {[%clk 01:14:47]} {[%emt 00:00:15]} Bc4 {[%clk 01:22:34]} {[%emt
00:00:15]} 40. Rf5 {[%clk 01:14:39]} {[%emt 00:00:37]} Bd6 {[%clk 01:22:49]}
{[%emt 00:00:17]} 41. Rh5 {[%clk 01:14:23]} {[%emt 00:00:45]} b5 {[%clk
01:22:27]} {[%emt 00:00:52]} 42. Rh8+ {[%clk 01:14:35]} {[%emt 00:00:18]} Kb7
{[%clk 01:22:52]} {[%emt 00:00:06]} 43. Nf5 {[%clk 01:14:24]} {[%emt 00:00:40]}
Bd3 {[%clk 01:22:56]} {[%emt 00:00:26]} 44. Nxd6+ {[%clk 01:14:42]} {[%emt
00:00:12]} cxd6 {[%clk 01:23:20]} {[%emt 00:00:06]} 45. Rh7+ {[%clk 01:15:00]}
{[%emt 00:00:11]} Kb6 {[%clk 01:23:38]} {[%emt 00:00:13]} 46. Rh6 {[%clk
01:14:54]} {[%emt 00:00:33]} Bxe4+ {[%emt 00:00:38]} 47. Kf2 {[%clk 01:14:56]}
{[%emt 00:00:11]} Kc5 {[%clk 01:23:45]} {[%emt 00:00:35]} 48. Rd2 {[%clk
01:14:59]} {[%emt 00:00:25]} Ra3 {[%clk 01:24:08]} {[%emt 00:00:09]} 49. Rdxd6
{[%clk 01:14:56]} {[%emt 00:00:33]} Rxc3 {[%clk 01:24:33]} {[%emt 00:00:06]}
50. Rde6 {[%clk 01:14:32]} {[%emt 00:00:51]} a4 {[%clk 01:24:48]} {[%emt
00:00:18]} 51. Rxe5+ {[%clk 01:14:51]} {[%emt 00:00:09]} Bd5 {[%clk 01:25:14]}
{[%emt 00:00:05]} 52. Re1 {[%clk 01:14:40]} {[%emt 00:00:41]} a3 {[%clk
01:25:38]} {[%emt 00:00:07]} 53. Rg6 {[%clk 01:14:26]} {[%emt 00:00:42]} a2
{[%clk 01:25:50]} {[%emt 00:00:20]} 54. Rgg1 {[%clk 01:14:42]} {[%emt
00:00:12]} b4 {[%clk 01:26:16]} {[%emt 00:00:06]} 55. Rc1 {[%clk 01:14:52]}
{[%emt 00:00:18]} Kd4 {[%emt 00:00:52]} 56. Rcd1+ {[%clk 01:14:15]} {[%emt
00:00:41]} Kc4 {[%clk 01:26:45]} {[%emt 00:00:06]} 57. Rg4+ {[%clk 01:14:18]}
{[%emt 00:00:27]} Kb3 {[%clk 01:27:07]} {[%emt 00:00:08]} 58. Rgg1 {[%clk
01:13:58]} {[%emt 00:00:50]} Ka3 {[%clk 01:27:19]} {[%emt 00:00:19]} 59. Rde1
{[%clk 01:12:03]} {[%emt 00:02:25]} b3 {[%clk 01:27:38]} {[%emt 00:00:12]} 60.
Rd1 {[%clk 01:12:05]} {[%emt 00:00:26]} b2 {[%clk 01:28:01]} {[%emt 00:00:09]}
61. Rde1 {[%clk 01:12:21]} {[%emt 00:00:12]} Rb3 {[%clk 01:27:44]} {[%emt
00:02:13]} 62. Rd1 {[%clk 01:12:19]} {[%emt 00:00:31]} b1=Q {[%clk 01:28:03]}
{[%emt 00:00:12]} 63. Rxb1 {[%clk 01:12:46]} {[%emt 00:00:01]} Rxb1 {[%clk
01:28:21]} {[%emt 00:00:13]} 64. Rxb1 {[%clk 01:12:43]} {[%emt 00:00:33]}
axb1=Q {[%clk 01:28:42]} {[%emt 00:00:09]} 65. Ke3 {[%clk 01:13:02]} {[%emt
00:00:10]} Qe4 {[%clk 01:29:07]} {[%emt 00:00:06]} 66. Kd2 {[%clk 01:13:17]}
{[%emt 00:00:14]} Qf3 {[%clk 01:29:33]} {[%emt 00:00:05]} 67. Ke1 {[%clk
01:13:32]} {[%emt 00:00:12]} Qg2 {[%clk 01:29:58]} {[%emt 00:00:07]} 68. Kd1
{[%clk 01:13:51]} {[%emt 00:00:10]} Kb3 {[%clk 01:30:23]} {[%emt 00:00:06]} 69.
Ke1 {[%clk 01:14:10]} {[%emt 00:00:10]} Kc3 {[%clk 01:30:50]} {[%emt 00:00:05]}
0-1